Desarrollo de un sistema informático para la atención en el servicio de fisioterapia de Clínica Barak
El presente trabajo pretende desarrollar un sistema informático para brindarles una mejor la atención en el servicio fisioterapéutico de pacientes que asisten a la clínica. Los sistemas de información tienen al menos 3 objetivos en las empresas que son: automatizar los procesos operativos, prop...
| Main Author: | |
|---|---|
| Other Authors: | |
| Format: | Tesis Section = Libro |
| Language: | Undetermined Spanish |
| Published: |
Managua
UNI
2022
|
| Subjects: |
| LEADER | 01216nam a2200253Ia 4500 | ||
|---|---|---|---|
| 008 | 240830s9999 xx 000 0 und d | ||
| 040 | |a BIBLIOTECA-RUPAP/ Mon 004 R618 | ||
| 041 | |a spa | ||
| 082 | |a Mon 004 R618 | ||
| 100 | 1 | |a Rivas Pinell, Amanda Jeanette | |
| 245 | 1 | 0 | |a Desarrollo de un sistema informático para la atención en el servicio de fisioterapia de Clínica Barak |
| 260 | |a Managua |b UNI |c 2022 | ||
| 300 | |a 117 p.: il. | ||
| 500 | |a Contiene: anexos y CD. | ||
| 502 | |a Tesis (Ingeniero de Sistemas) - UNI, 2022. | ||
| 520 | 3 | |a El presente trabajo pretende desarrollar un sistema informático para brindarles una mejor la atención en el servicio fisioterapéutico de pacientes que asisten a la clínica. Los sistemas de información tienen al menos 3 objetivos en las empresas que son: automatizar los procesos operativos, proporcionar información que sirva de apoyo en la toma de decisiones, tomar ventajas competitivas a través de su implantación y uso. | |
| 650 | 7 | |a PROCESAMIENTO DE INFORMACION | |
| 650 | 7 | |b NEGOCIOS | |
| 650 | 7 | |c AUTOMATIZACION | |
| 650 | 7 | |d SISTEMA INFORMATICO | |
| 700 | 1 | |a Tutor: |b Lacayo Cruz, Patricia | |
| 942 | |c BK |2 ddc | ||
| 991 | |a Tesis | ||
| 999 | |c 19169 | ||